100 Biggest Cities of Mauritania on a Map - Statistics

General Stats
  • This quiz has been taken 40 times
  • The average score is 8 of 100
Answers on the Map
Answers color-coded by a green-red scale on the quiz's map according to % correct below.
 
Answer Stats
Population City % Correct
1,446,761 Nouakchott
100%
173,525 Nouadhibou
55%
62,380 Zouerate
36%
71,680 Kiffa
32%
34,025 Atar
27%
17,019 Aleg
23%
2,779 Birmoguren
23%
57,672 Kaédi
23%
42,670 Rosso
23%
40,975 Sélibabi
23%
19,151 Boghé
18%
34,738 Néma
18%
17,220 Akjoujt
14%
7,521 Bababé
14%
21,353 Boutilimit
14%
4,353 Chinguetti
14%
3,317 F'Dérick
14%
35,153 Guerou
14%
15,303 Maghama
14%
9,128 M'Bout
14%
5,462 Mederdra
14%
2,558 Moudjeria
14%
10,382 R'Kiz
14%
17,086 Tidjikdja
14%
29,920 Timbedra
14%
34,838 Aïoun
9%
3,889 Barkewol
9%
19,447 Bassikounou
9%
9,699 Kankossa
9%
2,275 Keurmacen
9%
2,266 Monguel
9%
8,066 Nbeika
9%
1,814 Ouadane
9%
2,125 Oualata
9%
8,315 Sagné
9%
4,589 Tamchekett
9%
1,891 Tichitt
9%
32,319 Tintane
9%
18,334 Adel Bagrou
5%
7,123 Amourj
5%
4,444 Aoujeft
5%
4,884 Bouanzé
5%
2,418 Boumdeid
5%
8,995 Bousteille
5%
3,753 Chami
5%
6,335 Djewol
5%
11,772 Djiguenni
5%
12,719 El Ghayra
5%
11,293 Fassale
5%
4,828 Foum Gleita
5%
7,173 Ghabou
5%
6,272 Kamour
5%
12,316 Kobenni
5%
16,741 Lexeiba
5%
20,396 Magta-Lahjar
5%
3,644 M'Bagne
5%
4,348 Niabina
5%
6,928 Ouad Naga
5%
7,202 Ould Yengé
5%
6,904 Sangravé
5%
8,406 Wali Djantang
5%
5,100 Acheram
0%
5,033 Aghor
0%
6,218 Aghoratt
0%
5,614 Agouanitt
0%
6,970 Aoueinat Ezbel
0%
3,465 Arafatt
0%
4,158 Arr
0%
3,869 Bagodine
0%
3,508 Baydam
0%
4,064 Belgherbane
0%
10,944 Bouhdida
0%
5,697 Boully
0%
7,040 Cheggar
0%
7,001 Dafort
0%
4,542 Debay M'Bout
0%
6,356 Diaguily
0%
5,511 Diogountourou
0%
5,059 Doueirare
0%
3,634 Elmelga
0%
5,052 Fam Lekhedheiratt
0%
3,367 Fondou
0%
7,079 Hassi Cheggar
0%
3,573 Koumba Ndaw
0%
7,092 Lembeidi Assagha
0%
5,407 Maata Moulana
0%
4,051 Mal
0%
41,256 Mbera Refugee Camp
0%
3,158 Mbera town
0%
2,102 Mhayjratt
0%
5,037 Modibougou
0%
1,599 N'Beikett Lehouach
0%
3,480 Saboussiré
0%
4,046 Sinthiane Padalal
0%
6,371 Tachott Botokholo
0%
3,735 Tachott Brana
0%
10,205 Tiguent
0%
4,319 Touil
0%
4,147 Toulel
0%
3,746 Wompou
0%
No matching quizzes found
Score Distribution
Percent of People with Each Score
Percentile by Number Answered
Your Score History
You have not taken this quiz